[Event "ODJM C 2023"]
[Site "Willingen GER"]
[Date "2023.05.29"]
[Round "3"]
[White "Prokscha, Marlene"]
[Black "Müller, Ariana"]
[Result "0-1"]
[Termination "normal"]
[Board "24"]
[WhiteElo "1054"]
[BlackElo "1148"]
[WhiteClock "00:46:08"]
[BlackClock "00:46:11"]
[PlyCount "62"]
[WhiteFideId "34631291"]
[BlackFideId "34615024"]
[EventCountry "GER"]
[EventRounds "9"]
[EventType "swiss"]
[EventDate "2023.05.27"]

1. e4 {[%clk 01:30:58]} {[%emt 00:00:01]} e5 {[%clk 01:30:56]} {[%emt
00:00:05]} 2. Nf3 {[%clk 01:31:22]} {[%emt 00:00:06]} Nc6 {[%clk 01:31:21]}
{[%emt 00:00:05]} 3. Bc4 {[%clk 01:31:45]} {[%emt 00:00:07]} Nf6 {[%clk
01:31:40]} {[%emt 00:00:12]} 4. Nc3 {[%clk 01:32:07]} {[%emt 00:00:09]} Bc5
{[%clk 01:32:00]} {[%emt 00:00:09]} 5. d3 {[%clk 01:32:29]} {[%emt 00:00:08]}
h6 {[%clk 01:32:13]} {[%emt 00:00:16]} 6. O-O {[%clk 01:32:37]} {[%emt
00:00:22]} d6 {[%clk 01:32:36]} {[%emt 00:00:07]} 7. h3 {[%clk 01:33:02]}
{[%emt 00:00:05]} g5 {[%clk 01:32:56]} {[%emt 00:00:11]} 8. Be3 {[%clk
01:32:56]} {[%emt 00:00:36]} g4 {[%clk 01:33:13]} {[%emt 00:00:13]} 9. hxg4
{[%clk 01:28:21]} {[%emt 00:05:04]} Bxg4 {[%clk 01:33:01]} {[%emt 00:00:42]}
10. Bxc5 {[%clk 01:28:24]} {[%emt 00:00:28]} dxc5 {[%clk 01:33:21]} {[%emt
00:00:10]} 11. Bd5 {[%clk 01:26:54]} {[%emt 00:01:55]} Nxd5 {[%clk 01:29:14]}
{[%emt 00:04:42]} 12. Nxd5 {[%clk 01:26:20]} {[%emt 00:01:04]} Nd4 {[%clk
01:28:25]} {[%emt 00:01:19]} 13. Kh2 {[%clk 01:21:07]} {[%emt 00:05:42]} Bxf3
{[%clk 01:26:25]} {[%emt 00:02:30]} 14. Qd2 {[%clk 01:14:01]} {[%emt 00:07:36]}
Qh4+ {[%clk 01:23:58]} {[%emt 00:02:57]} 15. Kg1 {[%clk 01:14:07]} {[%emt
00:00:24]} Ne2+ {[%clk 01:23:59]} {[%emt 00:00:29]} 16. Qxe2 {[%clk 01:14:06]}
{[%emt 00:00:31]} Bxe2 {[%clk 01:24:19]} {[%emt 00:00:10]} 17. Rfe1 {[%clk
01:14:03]} {[%emt 00:00:34]} Kd7 {[%clk 01:18:39]} {[%emt 00:06:11]} 18. Rxe2
{[%clk 01:12:32]} {[%emt 00:02:00]} Rag8 {[%clk 01:15:30]} {[%emt 00:03:39]}
19. g3 {[%clk 01:11:19]} {[%emt 00:01:43]} Rg6 {[%clk 01:12:39]} {[%emt
00:03:21]} 20. Re3 {[%clk 01:08:01]} {[%emt 00:03:42]} Qh3 {[%clk 01:09:41]}
{[%emt 00:03:33]} 21. Rf3 {[%clk 01:05:30]} {[%emt 00:03:02]} Rf8 {[%clk
01:03:41]} {[%emt 00:06:31]} 22. Nf6+ {[%clk 01:03:34]} {[%emt 00:02:26]} Ke6
{[%clk 01:02:37]} {[%emt 00:01:34]} 23. Nd5 {[%clk 01:02:15]} {[%emt 00:01:48]}
f5 {[%clk 00:58:58]} {[%emt 00:04:11]} 24. Nxc7+ {[%clk 00:57:47]} {[%emt
00:04:57]} Kd7 {[%clk 00:57:22]} {[%emt 00:02:06]} 25. Nd5 {[%clk 00:56:54]}
{[%emt 00:01:23]} f4 {[%clk 00:54:52]} {[%emt 00:03:00]} 26. Rd1 {[%clk
00:55:05]} {[%emt 00:02:18]} Qg4 {[%clk 00:48:00]} {[%emt 00:07:22]} 27. Rf1
{[%clk 00:52:13]} {[%emt 00:03:23]} Qxf3 {[%clk 00:45:52]} {[%emt 00:02:38]}
28. a3 {[%clk 00:47:34]} {[%emt 00:05:10]} Rfg8 {[%clk 00:45:47]} {[%emt
00:00:34]} 29. b4 {[%clk 00:45:38]} {[%emt 00:02:27]} Rxg3+ {[%clk 00:45:56]}
{[%emt 00:00:20]} 30. fxg3 {[%clk 00:45:45]} {[%emt 00:00:23]} Rxg3+ {[%clk
00:46:18]} {[%emt 00:00:08]} 31. Kh2 {[%clk 00:46:08]} {[%emt 00:00:07]} Qg2#
{[%clk 00:46:11]} {[%emt 00:00:06]} 0-1

[Event "ODJM C 2023"]
[Site "Willingen GER"]
[Date "2023.05.29"]
[Round "3"]
[White "Fize, Aleksandrs"]
[Black "Schilay, Vinzenz"]
[Result "0-1"]
[Termination "normal"]
[Board "26"]
[WhiteElo "1154"]
[BlackElo "1052"]
[WhiteClock "01:17:11"]
[BlackClock "01:28:17"]
[PlyCount "46"]
[WhiteFideId "34623779"]
[BlackFideId "12983209"]
[EventCountry "GER"]
[EventRounds "9"]
[EventType "swiss"]
[EventDate "2023.05.27"]

1. d4 {[%clk 01:30:59]} d5 {[%clk 01:30:57]} {[%emt 00:00:05]} 2. Nc3 {[%clk
01:31:15]} {[%emt 00:00:13]} Nf6 {[%clk 01:31:20]} {[%emt 00:00:07]} 3. Bf4
{[%clk 01:31:37]} {[%emt 00:00:07]} c5 {[%clk 01:31:46]} {[%emt 00:00:04]} 4.
e3 {[%clk 01:32:03]} {[%emt 00:00:04]} cxd4 {[%clk 01:32:11]} {[%emt 00:00:04]}
5. exd4 {[%clk 01:32:28]} {[%emt 00:00:06]} a6 {[%clk 01:32:37]} {[%emt
00:00:04]} 6. Nf3 {[%clk 01:32:51]} {[%emt 00:00:06]} Bg4 {[%clk 01:32:53]}
{[%emt 00:00:14]} 7. h3 {[%clk 01:33:03]} {[%emt 00:00:18]} Bxf3 {[%clk
01:33:11]} {[%emt 00:00:12]} 8. Qxf3 {[%clk 01:32:30]} {[%emt 00:01:03]} Nc6
{[%clk 01:33:22]} {[%emt 00:00:19]} 9. O-O-O {[%clk 01:32:12]} {[%emt
00:00:48]} e6 {[%clk 01:33:28]} {[%emt 00:00:25]} 10. g4 {[%clk 01:31:43]}
{[%emt 00:00:59]} Bd6 {[%clk 01:33:28]} {[%emt 00:00:30]} 11. Bxd6 {[%clk
01:31:38]} {[%emt 00:00:36]} Qxd6 {[%clk 01:33:51]} {[%emt 00:00:07]} 12. Bg2
{[%clk 01:31:58]} {[%emt 00:00:10]} O-O-O {[%clk 01:32:22]} {[%emt 00:01:59]}
13. Rhe1 {[%clk 01:32:06]} {[%emt 00:00:22]} Rhe8 {[%clk 01:31:55]} {[%emt
00:00:58]} 14. g5 {[%clk 01:31:38]} {[%emt 00:00:57]} Nd7 {[%clk 01:30:42]}
{[%emt 00:01:39]} 15. h4 {[%clk 01:31:00]} {[%emt 00:01:13]} e5 {[%clk
01:30:03]} {[%emt 00:01:09]} 16. dxe5 {[%clk 01:30:26]} {[%emt 00:01:04]} Ndxe5
{[%clk 01:30:03]} {[%emt 00:00:30]} 17. Qxd5 {[%clk 01:30:28]} {[%emt
00:00:28]} Qb4 {[%clk 01:29:18]} {[%emt 00:01:12]} 18. Qe4 {[%clk 01:28:49]}
{[%emt 00:02:11]} Nc4 {[%clk 01:28:37]} {[%emt 00:01:12]} 19. Bh3+ {[%clk
01:28:37]} {[%emt 00:00:41]} Kb8 {[%clk 01:27:51]} {[%emt 00:01:16]} 20. Rxd8+
{[%clk 01:27:21]} {[%emt 00:01:46]} Rxd8 {[%clk 01:27:27]} {[%emt 00:00:54]}
21. Na4 {[%clk 01:17:27]} {[%emt 00:10:25]} Qd2+ {[%clk 01:27:30]} {[%emt
00:00:26]} 22. Kb1 {[%clk 01:16:53]} {[%emt 00:01:04]} Qd1+ {[%clk 01:27:51]}
{[%emt 00:00:10]} 23. Rxd1 {[%clk 01:17:11]} {[%emt 00:00:12]} Rxd1# {[%clk
01:28:17]} {[%emt 00:00:04]} 0-1

[Event "ODJM C 2023"]
[Site "Willingen GER"]
[Date "2023.05.29"]
[Round "3"]
[White "Steinkamp, Matthis"]
[Black "Engelhaupt, Henry"]
[Result "1-0"]
[Termination "normal"]
[Board "27"]
[WhiteElo "1153"]
[BlackElo "1196"]
[WhiteClock "01:06:30"]
[BlackClock "01:35:26"]
[PlyCount "101"]
[WhiteFideId "16287622"]
[BlackFideId "34644814"]
[EventCountry "GER"]
[EventRounds "9"]
[EventType "swiss"]
[EventDate "2023.05.27"]

1. d4 {[%clk 01:30:55]} {[%emt 00:00:05]} d5 {[%clk 01:30:56]} {[%emt
00:00:04]} 2. Nc3 {[%clk 01:31:17]} {[%emt 00:00:07]} Nf6 {[%clk 01:31:22]}
{[%emt 00:00:05]} 3. Bf4 {[%clk 01:31:30]} {[%emt 00:00:16]} e6 {[%clk
01:31:46]} {[%emt 00:00:06]} 4. e3 {[%clk 01:31:23]} {[%emt 00:00:36]} Bb4
{[%clk 01:32:11]} {[%emt 00:00:06]} 5. Nf3 {[%clk 01:29:57]} {[%emt 00:01:55]}
Ne4 {[%clk 01:31:56]} {[%emt 00:00:47]} 6. Qd3 {[%clk 01:29:56]} {[%emt
00:00:30]} a6 {[%clk 01:31:38]} {[%emt 00:00:50]} 7. Be2 {[%clk 01:29:40]}
{[%emt 00:00:45]} Bd7 {[%clk 01:31:44]} {[%emt 00:00:24]} 8. O-O {[%clk
01:29:40]} {[%emt 00:00:29]} Bxc3 {[%clk 01:31:40]} {[%emt 00:00:34]} 9. bxc3
{[%clk 01:29:52]} {[%emt 00:00:18]} Bb5 {[%clk 01:31:53]} {[%emt 00:00:18]} 10.
Qd1 {[%clk 01:24:37]} {[%emt 00:05:44]} Nxc3 {[%clk 01:32:17]} {[%emt
00:00:07]} 11. Bxb5+ {[%clk 01:24:57]} {[%emt 00:00:09]} Nxb5 {[%clk 01:32:35]}
{[%emt 00:00:13]} 12. Qd3 {[%clk 01:24:02]} {[%emt 00:01:24]} O-O {[%clk
01:32:35]} {[%emt 00:00:31]} 13. g4 {[%clk 01:22:04]} {[%emt 00:02:27]} Nd6
{[%clk 01:32:42]} {[%emt 00:00:23]} 14. Ng5 {[%clk 01:21:42]} {[%emt 00:00:52]}
g6 {[%clk 01:32:37]} {[%emt 00:00:35]} 15. h4 {[%clk 01:21:21]} {[%emt
00:00:51]} Nc6 {[%clk 01:32:45]} {[%emt 00:00:24]} 16. h5 {[%clk 01:20:52]}
{[%emt 00:00:57]} e5 {[%clk 01:32:29]} {[%emt 00:00:47]} 17. dxe5 {[%clk
01:18:44]} {[%emt 00:02:38]} Nxe5 {[%clk 01:32:47]} {[%emt 00:00:11]} 18. Bxe5
{[%clk 01:18:31]} {[%emt 00:00:43]} Qxg5 {[%clk 01:33:06]} {[%emt 00:00:12]}
19. Qd4 {[%clk 01:14:12]} {[%emt 00:04:49]} Nf5 {[%clk 01:32:34]} {[%emt
00:01:01]} 20. Qf4 {[%clk 01:14:20]} {[%emt 00:00:21]} Qxf4 {[%clk 01:32:51]}
{[%emt 00:00:13]} 21. Bxf4 {[%clk 01:14:22]} {[%emt 00:00:28]} c6 {[%clk
01:33:14]} {[%emt 00:00:08]} 22. gxf5 {[%clk 01:14:36]} {[%emt 00:00:16]} gxh5
{[%clk 01:33:26]} {[%emt 00:00:18]} 23. f3 {[%clk 01:14:50]} {[%emt 00:00:16]}
Kh8 {[%clk 01:33:47]} {[%emt 00:00:09]} 24. Kh2 {[%clk 01:14:57]} {[%emt
00:00:22]} f6 {[%clk 01:34:06]} {[%emt 00:00:13]} 25. c3 {[%clk 01:15:05]}
{[%emt 00:00:21]} b5 {[%clk 01:34:18]} {[%emt 00:00:19]} 26. e4 {[%clk
01:15:25]} {[%emt 00:00:09]} dxe4 {[%clk 01:34:10]} {[%emt 00:00:39]} 27. fxe4
{[%clk 01:15:48]} {[%emt 00:00:07]} Rae8 {[%clk 01:34:29]} {[%emt 00:00:11]}
28. Rae1 {[%clk 01:15:43]} {[%emt 00:00:34]} Rg8 {[%clk 01:34:42]} {[%emt
00:00:14]} 29. e5 {[%clk 01:15:45]} {[%emt 00:00:32]} Rg4 {[%clk 01:34:53]}
{[%emt 00:00:19]} 30. Kh3 {[%clk 01:15:12]} {[%emt 00:01:03]} c5 {[%clk
01:34:51]} {[%emt 00:00:34]} 31. Bh2 {[%clk 01:14:50]} {[%emt 00:00:49]} Rc4
{[%clk 01:34:24]} {[%emt 00:00:58]} 32. Rf3 {[%clk 01:14:17]} {[%emt 00:01:01]}
Ra4 {[%clk 01:34:27]} {[%emt 00:00:29]} 33. e6 {[%clk 01:13:42]} {[%emt
00:01:05]} Rxa2 {[%clk 01:34:26]} {[%emt 00:00:31]} 34. Bd6 {[%clk 01:13:51]}
{[%emt 00:00:20]} c4 {[%clk 01:34:46]} {[%emt 00:00:11]} 35. e7 {[%clk
01:13:31]} {[%emt 00:00:48]} Rd2 {[%clk 01:34:45]} {[%emt 00:00:31]} 36. Bc5
{[%clk 01:13:09]} {[%emt 00:00:53]} Rd5 {[%clk 01:34:27]} {[%emt 00:00:48]} 37.
Bb4 {[%clk 01:12:11]} {[%emt 00:01:28]} Rd3 {[%clk 01:34:38]} {[%emt 00:00:19]}
38. Rxd3 {[%clk 01:12:13]} {[%emt 00:00:28]} cxd3 {[%clk 01:35:02]} {[%emt
00:00:07]} 39. Rd1 {[%clk 01:12:39]} {[%emt 00:00:04]} a5 {[%clk 01:35:15]}
{[%emt 00:00:18]} 40. Bc5 {[%clk 01:12:21]} {[%emt 00:00:46]} Kg7 {[%clk
01:35:27]} {[%emt 00:00:19]} 41. Rxd3 {[%clk 01:12:15]} {[%emt 00:00:36]} Kf7
{[%clk 01:35:50]} {[%emt 00:00:07]} 42. Re3 {[%clk 01:11:50]} {[%emt 00:00:54]}
a4 {[%clk 01:35:53]} {[%emt 00:00:28]} 43. Kh4 {[%clk 01:11:38]} {[%emt
00:00:40]} h6 {[%clk 01:34:53]} {[%emt 00:01:29]} 44. Kxh5 {[%clk 01:10:45]}
{[%emt 00:01:25]} Ra8 {[%clk 01:35:17]} {[%emt 00:00:07]} 45. Kh4 {[%clk
01:10:08]} {[%emt 00:01:07]} Ke8 {[%clk 01:35:15]} {[%emt 00:00:31]} 46. Re2
{[%clk 01:06:38]} {[%emt 00:04:00]} a3 {[%clk 01:35:28]} {[%emt 00:00:18]} 47.
Ra2 {[%clk 01:06:08]} {[%emt 00:00:59]} Ra4+ {[%clk 01:35:32]} {[%emt
00:00:27]} 48. Bb4 {[%clk 01:06:13]} {[%emt 00:00:24]} Ra6 {[%clk 01:35:12]}
{[%emt 00:00:50]} 49. Rxa3 {[%clk 01:05:55]} {[%emt 00:00:48]} Rxa3 {[%clk
01:35:23]} {[%emt 00:00:19]} 50. Bxa3 {[%clk 01:06:17]} {[%emt 00:00:08]} Kf7
{[%clk 01:35:26]} {[%emt 00:00:28]} 51. Kh5 {[%clk 01:06:30]} {[%emt 00:00:15]}
1-0

[Event "ODJM C 2023"]
[Site "Willingen GER"]
[Date "2023.05.29"]
[Round "3"]
[White "Fischermann, Charlotte"]
[Black "Grunert, Greta"]
[Result "1/2-1/2"]
[Termination "normal"]
[Board "28"]
[WhiteElo "1303"]
[BlackElo "1100"]
[WhiteClock "01:09:54"]
[BlackClock "00:37:14"]
[PlyCount "101"]
[WhiteFideId "34619690"]
[BlackFideId "16258649"]
[EventCountry "GER"]
[EventRounds "9"]
[EventType "swiss"]
[EventDate "2023.05.27"]

1. e4 {[%clk 01:30:57]} {[%emt 00:00:02]} e5 {[%clk 01:30:52]} {[%emt
00:00:09]} 2. Nf3 {[%clk 01:31:23]} {[%emt 00:00:04]} Nc6 {[%clk 01:31:15]}
{[%emt 00:00:08]} 3. Bc4 {[%clk 01:31:43]} {[%emt 00:00:09]} Nf6 {[%clk
01:31:34]} {[%emt 00:00:11]} 4. d3 {[%clk 01:32:06]} {[%emt 00:00:07]} d5
{[%clk 01:31:30]} {[%emt 00:00:34]} 5. exd5 {[%clk 01:32:20]} {[%emt 00:00:16]}
Nxd5 {[%clk 01:31:36]} {[%emt 00:00:23]} 6. h3 {[%clk 01:29:49]} {[%emt
00:03:01]} Bc5 {[%clk 01:29:57]} {[%emt 00:02:02]} 7. Bb5 {[%clk 01:29:05]}
{[%emt 00:01:19]} Bd6 {[%clk 01:19:05]} {[%emt 00:11:23]} 8. Bd2 {[%clk
01:25:57]} {[%emt 00:03:40]} Bd7 {[%clk 01:18:00]} {[%emt 00:01:29]} 9. Nc3
{[%clk 01:26:00]} {[%emt 00:00:34]} Nb6 {[%clk 01:16:16]} {[%emt 00:02:01]} 10.
Ne4 {[%clk 01:24:19]} {[%emt 00:02:23]} Qe7 {[%clk 01:10:32]} {[%emt 00:05:58]}
11. Nxd6+ {[%clk 01:23:48]} {[%emt 00:01:18]} cxd6 {[%clk 01:10:30]} {[%emt
00:00:32]} 12. Qe2 {[%clk 01:21:38]} {[%emt 00:02:39]} Nd4 {[%clk 01:00:42]}
{[%emt 00:10:19]} 13. Bxd7+ {[%clk 01:21:44]} {[%emt 00:00:26]} Nxd7 {[%clk
01:00:33]} {[%emt 00:00:38]} 14. Nxd4 {[%clk 01:21:57]} {[%emt 00:00:17]} exd4
{[%clk 01:00:37]} {[%emt 00:00:26]} 15. Qxe7+ {[%clk 01:22:16]} {[%emt
00:00:11]} Kxe7 {[%clk 01:00:58]} {[%emt 00:00:09]} 16. O-O {[%clk 01:22:20]}
{[%emt 00:00:27]} Rhe8 {[%clk 01:00:37]} {[%emt 00:00:50]} 17. Rfe1+ {[%clk
01:22:20]} {[%emt 00:00:30]} Kf8 {[%clk 01:00:54]} {[%emt 00:00:12]} 18. Bb4
{[%clk 01:22:24]} {[%emt 00:00:27]} Nc5 {[%clk 01:00:03]} {[%emt 00:01:22]} 19.
Ba3 {[%clk 01:16:22]} {[%emt 00:06:29]} Rxe1+ {[%clk 00:57:03]} {[%emt
00:03:33]} 20. Rxe1 {[%clk 01:16:41]} {[%emt 00:00:11]} Re8 {[%clk 00:57:16]}
{[%emt 00:00:17]} 21. Kf1 {[%clk 01:16:31]} {[%emt 00:00:39]} Rxe1+ {[%clk
00:57:11]} {[%emt 00:00:37]} 22. Kxe1 {[%clk 01:16:57]} {[%emt 00:00:05]} a5
{[%clk 00:55:40]} {[%emt 00:02:00]} 23. Kd2 {[%clk 01:16:38]} {[%emt 00:00:47]}
b5 {[%clk 00:54:44]} {[%emt 00:01:27]} 24. b4 {[%clk 01:15:55]} {[%emt
00:01:13]} axb4 {[%clk 00:55:03]} {[%emt 00:00:12]} 25. Bxb4 {[%clk 01:16:18]}
{[%emt 00:00:07]} Ke7 {[%clk 00:54:26]} {[%emt 00:00:54]} 26. c3 {[%clk
01:15:54]} {[%emt 00:01:06]} Ne6 {[%clk 00:53:28]} {[%emt 00:01:29]} 27. c4
{[%clk 01:14:11]} {[%emt 00:02:13]} bxc4 {[%clk 00:53:43]} {[%emt 00:00:15]}
28. dxc4 {[%clk 01:14:10]} {[%emt 00:00:31]} Kd7 {[%clk 00:52:12]} {[%emt
00:02:01]} 29. Kd3 {[%clk 01:13:52]} {[%emt 00:00:48]} Kc6 {[%clk 00:51:43]}
{[%emt 00:00:59]} 30. g3 {[%clk 01:13:31]} {[%emt 00:00:52]} d5 {[%clk
00:51:26]} {[%emt 00:00:47]} 31. cxd5+ {[%clk 01:10:14]} {[%emt 00:03:47]} Kxd5
{[%clk 00:51:46]} {[%emt 00:00:11]} 32. f4 {[%clk 01:10:05]} {[%emt 00:00:38]}
f5 {[%clk 00:51:30]} {[%emt 00:00:46]} 33. a4 {[%clk 01:09:56]} {[%emt
00:00:39]} Kc6 {[%clk 00:50:04]} {[%emt 00:01:56]} 34. Ba3 {[%clk 01:09:55]}
{[%emt 00:00:32]} g6 {[%clk 00:47:57]} {[%emt 00:02:37]} 35. Kc4 {[%clk
01:08:51]} {[%emt 00:01:33]} Kb6 {[%clk 00:46:10]} {[%emt 00:02:18]} 36. Bb2
{[%clk 01:07:48]} {[%emt 00:01:33]} d3 {[%clk 00:45:02]} {[%emt 00:01:38]} 37.
a5+ {[%clk 01:07:09]} {[%emt 00:01:09]} Kxa5 {[%clk 00:44:50]} {[%emt
00:00:41]} 38. Kxd3 {[%clk 01:07:23]} {[%emt 00:00:16]} Kb5 {[%clk 00:44:45]}
{[%emt 00:00:33]} 39. Bd4 {[%clk 01:07:31]} {[%emt 00:00:24]} Kc6 {[%clk
00:44:27]} {[%emt 00:00:48]} 40. Kc4 {[%clk 01:07:29]} {[%emt 00:00:31]} Nxd4
{[%clk 00:44:30]} {[%emt 00:00:27]} 41. Kxd4 {[%clk 01:07:53]} {[%emt
00:00:06]} Kd6 {[%clk 00:44:52]} {[%emt 00:00:09]} 42. g4 {[%clk 01:08:00]}
{[%emt 00:00:23]} h6 {[%clk 00:41:03]} {[%emt 00:04:19]} 43. Ke3 {[%clk
01:08:19]} {[%emt 00:00:12]} Ke6 {[%clk 00:39:09]} {[%emt 00:02:24]} 44. Kf3
{[%clk 01:08:00]} {[%emt 00:00:48]} Kf6 {[%clk 00:39:12]} {[%emt 00:00:28]} 45.
gxf5 {[%clk 01:08:17]} {[%emt 00:00:13]} Kxf5 {[%clk 00:38:25]} {[%emt
00:01:17]} 46. Kg3 {[%clk 01:08:05]} {[%emt 00:00:42]} g5 {[%clk 00:38:09]}
{[%emt 00:00:45]} 47. fxg5 {[%clk 01:08:27]} {[%emt 00:00:08]} hxg5 {[%clk
00:36:48]} {[%emt 00:01:51]} 48. Kf3 {[%clk 01:08:50]} {[%emt 00:00:07]} Kg6
{[%clk 00:36:45]} {[%emt 00:00:33]} 49. Kg4 {[%clk 01:09:12]} {[%emt 00:00:08]}
Kh6 {[%clk 00:36:52]} {[%emt 00:00:21]} 50. h4 {[%clk 01:09:30]} {[%emt
00:00:15]} gxh4 {[%clk 00:37:14]} {[%emt 00:00:07]} 51. Kxh4 {[%clk 01:09:54]}
{[%emt 00:00:05]} 1/2-1/2

[Event "ODJM C 2023"]
[Site "Willingen GER"]
[Date "2023.05.29"]
[Round "3"]
[White "Funke, Max"]
[Black "Dauerer, Leonhard"]
[Result "0-1"]
[Termination "normal"]
[Board "29"]
[WhiteElo "1031"]
[BlackElo "1184"]
[WhiteClock "00:30:00"]
[BlackClock "01:55:37"]
[PlyCount "76"]
[WhiteFideId "34628681"]
[BlackFideId "34640223"]
[EventCountry "GER"]
[EventRounds "9"]
[EventType "swiss"]
[EventDate "2023.05.27"]

1. e4 {[%clk 01:30:58]} {[%emt 00:00:02]} e5 {[%clk 01:30:54]} {[%emt
00:00:06]} 2. Nf3 {[%clk 01:31:21]} {[%emt 00:00:07]} Nc6 {[%clk 01:31:18]}
{[%emt 00:00:06]} 3. Bc4 {[%clk 01:31:48]} {[%emt 00:00:03]} Bc5 {[%clk
01:31:39]} {[%emt 00:00:09]} 4. c3 {[%clk 01:31:52]} {[%emt 00:00:26]} Nf6
{[%clk 01:32:01]} {[%emt 00:00:07]} 5. d4 {[%clk 01:32:14]} {[%emt 00:00:09]}
exd4 {[%clk 01:32:24]} {[%emt 00:00:07]} 6. cxd4 {[%clk 01:32:22]} {[%emt
00:00:22]} Bb4+ {[%clk 01:32:47]} {[%emt 00:00:07]} 7. Nc3 {[%clk 01:32:25]}
{[%emt 00:00:28]} O-O {[%clk 01:32:54]} {[%emt 00:00:22]} 8. O-O {[%clk
01:31:03]} {[%emt 00:01:51]} Bxc3 {[%clk 01:33:19]} {[%emt 00:00:07]} 9. bxc3
{[%clk 01:31:22]} {[%emt 00:00:09]} Nxe4 {[%clk 01:33:43]} {[%emt 00:00:07]}
10. Qe1 {[%clk 01:30:10]} {[%emt 00:01:42]} d5 {[%clk 01:34:04]} {[%emt
00:00:10]} 11. Bd3 {[%clk 01:30:33]} {[%emt 00:00:07]} Nf6 {[%clk 01:34:22]}
{[%emt 00:00:10]} 12. Bg5 {[%clk 01:29:42]} {[%emt 00:01:22]} Re8 {[%clk
01:34:22]} {[%emt 00:00:30]} 13. Qd2 {[%clk 01:28:42]} {[%emt 00:01:31]} Bg4
{[%clk 01:34:20]} {[%emt 00:00:31]} 14. Qf4 {[%clk 01:17:03]} {[%emt 00:12:09]}
Bxf3 {[%clk 01:32:57]} {[%emt 00:01:53]} 15. Qxf3 {[%clk 01:16:22]} {[%emt
00:01:11]} Re6 {[%clk 01:33:12]} {[%emt 00:00:16]} 16. Rae1 {[%clk 01:05:17]}
{[%emt 00:11:36]} Qd6 {[%clk 01:32:47]} {[%emt 00:00:55]} 17. Bf5 {[%clk
00:51:00]} {[%emt 00:14:47]} Rxe1 {[%clk 01:31:02]} {[%emt 00:02:13]} 18. Rxe1
{[%clk 00:50:59]} {[%emt 00:00:31]} Ne7 {[%clk 01:26:31]} {[%emt 00:05:02]} 19.
Bd3 {[%clk 00:39:35]} {[%emt 00:11:54]} Ng6 {[%clk 01:25:15]} {[%emt 00:01:46]}
20. Bxf6 {[%clk 00:25:44]} {[%emt 00:14:20]} gxf6 {[%clk 01:25:34]} {[%emt
00:00:12]} 21. h3 {[%clk 00:24:32]} {[%emt 00:01:32]} Rc8 {[%clk 01:25:40]}
{[%emt 00:00:35]} 22. Qg4 {[%clk 00:15:38]} {[%emt 00:09:24]} Rf8 {[%clk
01:24:59]} {[%emt 00:01:10]} 23. h4 {[%clk 00:14:45]} {[%emt 00:01:23]} Qf4
{[%clk 01:24:26]} {[%emt 00:01:02]} 24. Qxf4 {[%clk 00:11:02]} {[%emt
00:04:12]} Nxf4 {[%clk 01:24:51]} {[%emt 00:00:06]} 25. Bf5 {[%clk 00:08:58]}
{[%emt 00:02:35]} c6 {[%clk 01:24:51]} {[%emt 00:00:30]} 26. g3 {[%clk
00:09:00]} {[%emt 00:00:28]} Ng6 {[%clk 01:24:52]} {[%emt 00:00:29]} 27. h5
{[%clk 00:09:06]} {[%emt 00:00:25]} Nh8 {[%clk 01:24:44]} {[%emt 00:00:38]} 28.
Rc1 {[%clk 00:07:06]} {[%emt 00:02:30]} Rd8 {[%clk 01:24:57]} {[%emt 00:00:16]}
29. Rb1 {[%clk 00:06:38]} {[%emt 00:00:58]} b6 {[%clk 01:24:37]} {[%emt
00:00:51]} 30. Rc1 {[%clk 00:05:17]} {[%emt 00:01:47]} c5 {[%clk 01:24:33]}
{[%emt 00:00:38]} 31. dxc5 {[%clk 00:05:28]} {[%emt 00:00:18]} bxc5 {[%clk
01:24:52]} {[%emt 00:00:11]} 32. c4 {[%clk 00:05:09]} {[%emt 00:00:50]} d4
{[%clk 01:25:18]} {[%emt 00:00:05]} 33. Rd1 {[%clk 00:04:22]} {[%emt 00:01:13]}
Rb8 {[%clk 01:25:38]} {[%emt 00:00:13]} 34. Rd2 {[%clk 00:04:25]} {[%emt
00:00:27]} h6 {[%clk 01:25:28]} {[%emt 00:00:41]} 35. Re2 {[%clk 00:03:57]}
{[%emt 00:00:58]} Kf8 {[%clk 01:25:41]} {[%emt 00:00:18]} 36. Kg2 {[%clk
00:02:46]} {[%emt 00:01:41]} Rb4 {[%clk 01:25:39]} {[%emt 00:00:31]} 37. Bd7
{[%clk 00:02:42]} {[%emt 00:00:35]} Rxc4 {[%clk 01:25:38]} {[%emt 00:00:31]}
38. Re8+ {[%clk 00:30:00]} {[%emt 00:00:16]} Kg7 {[%clk 01:55:37]} 0-1